Právno-ekonomické aspekty dlhodobej nezamestnanosti 2014 zborník príspevkov z vedeckej konferencie konanej dňa 24. októbra 2014 organizovanej riešiteľským kolektívom projektu VEGA reg. č. 1/0935/12
Saved in:
| Corporate Author: | |
|---|---|
| Other Authors: | , , , |
| Format: | Book |
| Language: | Slovak |
| Published: |
Bratislava
Univerzita Komenského v Bratislave, Právnická fakulta
2014
|
| Edition: | 1. vyd. |
| Series: | Sympóziá, kolokviá, konferencie
|
| Subjects: | |
| Tags: |
No Tags, Be the first to tag this record!
|
MARC
| LEADER | 00000nlm a2200000 4500 | ||
|---|---|---|---|
| 001 | 0199653 | ||
| 005 | 20240416113603.7 | ||
| 020 | |a 978-80-7160-387-0 | ||
| 041 | 0 | |a slo | |
| 044 | |a SK | ||
| 245 | 1 | 0 | |a Právno-ekonomické aspekty dlhodobej nezamestnanosti 2014 |b zborník príspevkov z vedeckej konferencie konanej dňa 24. októbra 2014 organizovanej riešiteľským kolektívom projektu VEGA reg. č. 1/0935/12 |c zostavovatelia: Juraj Hamuľák, Simona Sťahulová ; recenzenti: Ondrej Laciak, Andrea Olšovská |
| 250 | |a 1. vyd. | ||
| 264 | 1 | |a Bratislava |b Univerzita Komenského v Bratislave, Právnická fakulta |c 2014 | |
| 300 | |a CD-ROM [120 s.] | ||
| 490 | 1 | |a Sympóziá, kolokviá, konferencie | |
| 830 | 0 | |a Sympóziá, kolokviá, konferencie | |
| 610 | 2 | 0 | |a nezamestnanosť dlhodobá |
| 610 | 2 | 0 | |a politika zamestnanosti |
| 610 | 2 | 0 | |a trh práce |
| 610 | 2 | 0 | |a riadenie ľudských zdrojov |
| 700 | 1 | |a Hamuľák, Juraj | |
| 700 | 1 | |a Sťahulová, Simona | |
| 700 | 1 | |a Laciak, Ondrej | |
| 700 | 1 | |a Olšovská, Andrea | |
| 110 | 2 | |a Právno-ekonomické aspekty dlhodobej nezamestnanosti 2014. Vedecká konferencia | |